[Event "Miedzynarodowy Turniej Szachowy w Kowale"]
[Site "UKS Orlik Kowalewo Pomorskie"]
[Date "2008.07.04"]
[Round "1.1"]
[White "Budrewicz, Krzysztof"]
[Black "Wisniewski, Adam"]
[Result "1-0"]
[WhiteElo "2333"]
[BlackElo "2090"]
[PlyCount "67"]
[EventDate "2008.??.??"]

1. d4 Nf6 2. Bg5 e6 3. e4 h6 4. Bxf6 Qxf6 5. Nf3 d5 6. Nc3 Bb4 7. Bd3 c5 8.
exd5 exd5 9. O-O Bxc3 10. bxc3 O-O 11. Rb1 c4 12. Be2 Qa6 13. Ne5 Nd7 14. f4
Nf6 15. g4 Ne4 16. Qe1 Qxa2 17. Bxc4 Qxc2 18. Bxd5 Nxc3 19. Bb3 Qxb1 20. Qxc3
Qe4 21. Bc2 Qd5 22. Qd3 g6 23. Nxg6 Kg7 24. Ne7 Qd6 25. Nxc8 Rfxc8 26. Qh7+ Kf8
27. Qh8+ Ke7 28. Re1+ Kd7 29. Bf5+ Kc7 30. Rc1+ Kb6 31. Bxc8 f6 32. d5 Ka5 33.
Qe8 Qxd5 34. Qe1+ 1-0

[Event "Miedzynarodowy Turniej Szachowy w Kowale"]
[Site "UKS Orlik Kowalewo Pomorskie"]
[Date "2008.07.04"]
[Round "1.2"]
[White "Tarkowski, Michal"]
[Black "Nguyen, Piotr"]
[Result "1/2-1/2"]
[WhiteElo "2073"]
[BlackElo "2329"]
[PlyCount "82"]
[EventDate "2008.??.??"]

1. d4 Nf6 2. Nf3 c5 3. c4 cxd4 4. Nxd4 e5 5. Nb3 d5 6. cxd5 Qxd5 7. Qxd5 Nxd5
8. e4 Nb4 9. Bb5+ N8c6 10. Na3 Be6 11. Be3 O-O-O 12. O-O b6 13. Nc4 Nd4 14.
Nxd4 exd4 15. Bd2 Kb7 16. Bxb4 Bxb4 17. a3 Be7 18. Ne5 a6 19. Be2 f6 20. Nd3
Rhe8 21. Rfe1 Bd7 22. Bf1 Bd6 23. g3 Ka7 24. Rac1 Rc8 25. Rxc8 Bxc8 26. f4 a5
27. e5 fxe5 28. Nxe5 Bb7 29. Nd3 Rc8 30. Rc1 Rd8 31. Bg2 Ba6 32. Ne5 Bxe5 33.
fxe5 d3 34. e6 Bb5 35. Rd1 g6 36. Bf1 Kb7 37. e7 Re8 38. Bxd3 Bxd3 39. Rxd3
Rxe7 40. Kf2 Kc6 41. Re3 Rf7+ 1/2-1/2

[Event "Miedzynarodowy Turniej Szachowy w Kowale"]
[Site "UKS Orlik Kowalewo Pomorskie"]
[Date "2008.07.04"]
[Round "1.4"]
[White "Marchlewicz, Kamil"]
[Black "Maciejewski, Miroslaw"]
[Result "0-1"]
[WhiteElo "2045"]
[BlackElo "2295"]
[PlyCount "76"]
[EventDate "2008.??.??"]

1. e4 c5 2. a3 g6 3. Nc3 Bg7 4. Bc4 e6 5. d3 Ne7 6. f4 O-O 7. Nf3 d5 8. exd5
exd5 9. Ba2 Nbc6 10. O-O a6 11. Kh1 b5 12. Ne2 Re8 13. d4 c4 14. c3 Bf5 15. Bb1
Bxb1 16. Rxb1 Nf5 17. Ne5 Rc8 18. g4 Nd6 19. Ng3 f6 20. Nf3 Ne4 21. Nd2 Nxg3+
22. hxg3 Qd7 23. f5 Re7 24. Rf2 Rce8 25. Nf1 Nd8 26. g5 Re1 27. Qc2 R8e4 28.
Kg2 gxf5 29. gxf6 Bxf6 30. Bf4 Rxb1 31. Qxb1 Ne6 32. Nd2 Nxf4+ 33. gxf4 Re3 34.
Nf3 Kf8 35. Qc1 Qg7+ 36. Kf1 Re4 37. Nd2 Qh6 38. Nf3 Qh1+ 0-1

[Event "Miedzynarodowy Turniej Szachowy w Kowale"]
[Site "UKS Orlik Kowalewo Pomorskie"]
[Date "2008.07.04"]
[Round "1.5"]
[White "Jaroch, Pawel"]
[Black "Flazinski, Jozef"]
[Result "0-1"]
[WhiteElo "2255"]
[BlackElo "2036"]
[PlyCount "60"]
[EventDate "2008.??.??"]

1. c4 e5 2. Nc3 Nf6 3. g3 Bc5 4. Bg2 O-O 5. e3 d6 6. Nge2 Nc6 7. O-O Bf5 8. d3
Qd7 9. a3 a6 10. Nd5 Nxd5 11. cxd5 Ne7 12. e4 Bg4 13. Kh1 f5 14. f3 Bh5 15.
exf5 Nxd5 16. d4 exd4 17. Nxd4 Bf7 18. g4 Rae8 19. f4 c6 20. Nf3 Be3 21. Ng5
Bxc1 22. Qxc1 Ne3 23. Re1 Nxg4 24. Qd2 Qxf5 25. Qxd6 Rd8 26. Qb4 a5 27. Qc3
Qxf4 28. Nf3 Bd5 29. Re7 Rf6 30. Qxa5 Rc8 0-1

[Event "Miedzynarodowy Turniej Szachowy w Kowale"]
[Site "UKS Orlik Kowalewo Pomorskie"]
[Date "2008.07.04"]
[Round "1.6"]
[White "Staroszczyk, Mateusz"]
[Black "Paprocki, Jaroslaw"]
[Result "0-1"]
[WhiteElo "2027"]
[BlackElo "2218"]
[PlyCount "64"]
[EventDate "2008.??.??"]

1. e4 e5 2. Nf3 Nc6 3. Bc4 Bc5 4. O-O d6 5. c3 Bg4 6. d3 Nf6 7. Be3 Bb6 8. Nbd2
Ne7 9. Qb3 O-O 10. Bxb6 axb6 11. Ng5 d5 12. exd5 Nfxd5 13. Rfe1 f6 14. Ngf3 Kh8
15. d4 exd4 16. Nxd4 Nf4 17. f3 Bd7 18. Rad1 Ba4 19. Qa3 c5 20. Rc1 Neg6 21. g3
Nh3+ 22. Kg2 cxd4 23. Qb4 Ng5 24. cxd4 Qxd4 25. h4 Nf7 26. Re4 Qd6 27. Bxf7
Qxb4 28. Rxb4 Rxf7 29. Rxb6 Bc6 30. Kf2 Ne5 31. Rc3 Rxa2 32. Ne4 g6 0-1

[Event "Miedzynarodowy Turniej Szachowy w Kowale"]
[Site "UKS Orlik Kowalewo Pomorskie"]
[Date "2008.07.04"]
[Round "1.7"]
[White "Jaroch, Karol"]
[Black "Plichta, Kamil"]
[Result "1-0"]
[WhiteElo "2158"]
[BlackElo "2014"]
[PlyCount "63"]
[EventDate "2008.??.??"]

1. e4 g6 2. d4 Bg7 3. Nc3 c5 4. d5 d6 5. Be3 Nf6 6. Qd2 O-O 7. h3 e6 8. dxe6
fxe6 9. O-O-O Qa5 10. Qxd6 Nxe4 11. Nxe4 Qxa2 12. c3 Qa1+ 13. Kd2 Qxb2+ 14. Ke1
a5 15. Qd2 Qb3 16. Bxc5 Re8 17. Bd3 Nc6 18. Nf3 a4 19. Nd4 Nxd4 20. Bxd4 a3 21.
Bxg7 Kxg7 22. Qc2 Qb6 23. Ke2 e5 24. Rb1 Qc7 25. Qb3 a2 26. Ra1 Be6 27. c4 b5
28. Qxb5 Ra5 29. Qxe8 Bxc4 30. Rhc1 Bxd3+ 31. Kxd3 Qb6 32. Qe7+ 1-0

[Event "Miedzynarodowy Turniej Szachowy w Kowale"]
[Site "UKS Orlik Kowalewo Pomorskie"]
[Date "2008.07.04"]
[Round "1.10"]
[White "Sankiewicz, Grzegorz"]
[Black "Zielinski, Stanislaw"]
[Result "0-1"]
[WhiteElo "2002"]
[BlackElo "2145"]
[PlyCount "44"]
[EventDate "2008.??.??"]

1. d4 Nf6 2. Nf3 g6 3. g3 Bg7 4. Bg2 O-O 5. c4 d6 6. O-O Nbd7 7. Nc3 c6 8. e4
e5 9. h3 Qe7 10. Bg5 h6 11. Be3 Kh7 12. Qd2 Ne8 13. Nh2 f5 14. f4 Ndf6 15. exf5
gxf5 16. dxe5 dxe5 17. fxe5 Nh5 18. g4 Ng3 19. Rf3 Bxe5 20. Re1 Ng7 21. Qf2
Bxc3 22. bxc3 Ne4 {Time} 0-1

[Event "Miedzynarodowy Turniej Szachowy w Kowale"]
[Site "UKS Orlik Kowalewo Pomorskie"]
[Date "2008.07.04"]
[Round "1.11"]
[White "Krasiewicz, Robert"]
[Black "Klugiewicz, Jozef"]
[Result "1-0"]
[WhiteElo "2136"]
[BlackElo "1999"]
[PlyCount "85"]
[EventDate "2008.??.??"]

1. d4 Nf6 2. Nf3 d6 3. c4 Nbd7 4. g3 c6 5. Bg2 e5 6. Nc3 Be7 7. e4 O-O 8. O-O
a6 9. a4 a5 10. h3 Re8 11. Re1 Qc7 12. Be3 Nb8 13. Qb3 Na6 14. dxe5 dxe5 15.
Rad1 Nb4 16. Bf1 Nd7 17. Rd2 h6 18. Nh2 Nc5 19. Qd1 Bf8 20. Ng4 Kh7 21. f4 Bxg4
22. Qxg4 Nb3 23. Rd7 Qc8 24. Qf5+ Kh8 25. Qxf7 Nc2 26. Re2 Nxe3 27. Rxe3 Nc5
28. Rd1 Re7 29. Qh5 Qc7 30. f5 Qb6 31. Qe2 Nb3 32. Kg2 Nd4 33. Qf2 Rd7 34. Red3
Bc5 35. Qd2 Rf7 36. Ne2 Rg8 37. Nxd4 Bxd4 38. b3 Kh7 39. Be2 g6 40. Bg4 h5 41.
fxg6+ Rxg6 42. Bf5 Kg7 43. Bxg6 1-0

[Event "Miedzynarodowy Turniej Szachowy w Kowale"]
[Site "UKS Orlik Kowalewo Pomorskie"]
[Date "2008.07.04"]
[Round "1.13"]
[White "Kuchnio, Przemyslaw"]
[Black "Krzywkowski, Marcin"]
[Result "1-0"]
[WhiteElo "2091"]
[BlackElo "1909"]
[PlyCount "101"]
[EventDate "2008.??.??"]

1. c4 Nf6 2. Nc3 g6 3. g3 Bg7 4. Bg2 O-O 5. e3 d6 6. Nge2 c5 7. O-O a6 8. d4
Qc7 9. b3 Nc6 10. Bb2 e6 11. Qd2 Rb8 12. Rac1 Rd8 13. Rfd1 Bd7 14. d5 Ne7 15.
dxe6 Bxe6 16. Nf4 b5 17. Ne4 Nxe4 18. Bxe4 Bxb2 19. Qxb2 bxc4 20. Nxe6 fxe6 21.
Qf6 Qd7 22. Rxc4 Rf8 23. Qb2 d5 24. Rc2 Qb5 25. Bd3 c4 26. Bf1 Qb6 27. Qa3 cxb3
28. Rb2 Qc7 29. Qxa6 bxa2 30. Qxe6+ Rf7 31. Rxa2 Rb6 32. Qg4 Rbf6 33. Qd4 h5
34. Bg2 Nf5 35. Qxd5 Rd6 36. Qb3 Rxd1+ 37. Qxd1 Rd7 38. Ra8+ Kh7 39. Qa1 Ng7
40. Be4 Rd6 41. Qa4 Qe7 42. h4 Qf6 43. Qc2 Re6 44. Ra5 Qe7 45. Bd3 Rf6 46. Rg5
Qe8 47. Qb2 Rd6 48. Qc3 Qd7 49. Be4 Qh3 50. Qc2 Qd7 51. Bxg6+ 1-0

[Event "Miedzynarodowy Turniej Szachowy w Kowale"]
[Site "UKS Orlik Kowalewo Pomorskie"]
[Date "2008.07.04"]
[Round "1.3"]
[White "Khamitskiy, Sergei"]
[Black "Zurkowski, Andrzej"]
[Result "1-0"]
[WhiteElo "2324"]
[BlackElo "2062"]
[PlyCount "61"]
[EventDate "2008.??.??"]

1. d4 g6 2. c4 Bg7 3. Nf3 d6 4. Nc3 Nf6 5. h3 O-O 6. e4 c6 7. Bg5 h6 8. Be3 a6
9. c5 dxc5 10. dxc5 Qa5 11. Nd2 Be6 12. a3 Qc7 13. Be2 Nfd7 14. O-O f5 15. exf5
Bxf5 16. Nf3 g5 17. Nd4 e5 18. Nxf5 Rxf5 19. Bg4 Rf8 20. Ne4 Nf6 21. Nxf6+ Bxf6
22. Qb3+ Kh8 23. Rad1 a5 24. Rd6 a4 25. Qc2 Qg7 26. Rfd1 Na6 27. Rd7 Be7 28.
Rxb7 Rad8 29. Qxa4 Nb8 30. Rxd8 Rxd8 31. Qa7 1-0

[Event "Miedzynarodowy Turniej Szachowy w Kowale"]
[Site "UKS Orlik Kowalewo Pomorskie"]
[Date "2008.07.05"]
[Round "2.1"]
[White "Zielinski, Stanislaw"]
[Black "Budrewicz, Krzysztof"]
[Result "0-1"]
[WhiteElo "2145"]
[BlackElo "2333"]
[PlyCount "88"]
[EventDate "2008.??.??"]

1. e4 c5 2. Nc3 Nc6 3. f4 d6 4. Nf3 g6 5. Bc4 Bg7 6. O-O e6 7. f5 Ne5 8. Nxe5
Bxe5 9. Bb5+ Bd7 10. fxe6 fxe6 11. Qg4 Qe7 12. Bxd7+ Qxd7 13. d3 O-O-O 14. Rf3
Nf6 15. Qh4 h6 16. h3 g5 17. Qf2 Qg7 18. Ne2 Rdf8 19. Be3 g4 20. Rxf6 Rxf6 21.
Qh4 Rg8 22. hxg4 Qxg4 23. Qxg4 Rxg4 24. Rf1 Rxf1+ 25. Kxf1 h5 26. c3 a6 27. Kf2
Kd7 28. Kf3 Rg8 29. g3 b5 30. d4 cxd4 31. cxd4 Rf8+ 32. Kg2 Bg7 33. Nf4 Bxd4
34. Bxd4 e5 35. Ng6 Rg8 36. Nxe5+ dxe5 37. Bxe5 Re8 38. Bc3 Rxe4 39. a3 Ke6 40.
Kf3 Kd5 41. b3 Re8 42. Kf4 Rc8 43. Bb4 Kd4 44. Kg5 Rg8+ 0-1

[Event "Miedzynarodowy Turniej Szachowy w Kowale"]
[Site "UKS Orlik Kowalewo Pomorskie"]
[Date "2008.07.05"]
[Round "2.2"]
[White "Murawski, Wieslaw"]
[Black "Khamitskiy, Sergei"]
[Result "1/2-1/2"]
[WhiteElo "2097"]
[BlackElo "2324"]
[PlyCount "83"]
[EventDate "2008.??.??"]

1. e4 e6 2. d4 d5 3. Nd2 Nf6 4. e5 Nfd7 5. Bd3 c5 6. c3 Nc6 7. Ne2 cxd4 8. cxd4
f6 9. exf6 Nxf6 10. Nf3 Bd6 11. O-O O-O 12. Bf4 Bxf4 13. Nxf4 Ng4 14. Ne2 Qf6
15. Qd2 Qh6 16. Qxh6 Nxh6 17. Rac1 Bd7 18. Ne5 Nxe5 19. dxe5 Rac8 20. f4 Nf7
21. Nd4 a6 22. Nb3 Rfd8 23. Nd4 g6 24. Be2 Kf8 25. Kf2 Ke7 26. Ke3 Rg8 27. h4
h6 28. g3 g5 29. hxg5 hxg5 30. Rxc8 gxf4+ 31. gxf4 Rxc8 32. Rh1 Rh8 33. Rxh8
Nxh8 34. Bh5 b6 35. Kf3 Nf7 36. Bxf7 Kxf7 37. Kg4 Kg6 38. b4 Kf7 39. Kg5 Ke7
40. Kg6 Be8+ 41. Kg7 Ba4 42. Kg6 1/2-1/2

[Event "Miedzynarodowy Turniej Szachowy w Kowale"]
[Site "UKS Orlik Kowalewo Pomorskie"]
[Date "2008.07.05"]
[Round "2.3"]
[White "Maciejewski, Miroslaw"]
[Black "Krasiewicz, Robert"]
[Result "1-0"]
[WhiteElo "2295"]
[BlackElo "2136"]
[PlyCount "65"]
[EventDate "2008.??.??"]

1. e4 e6 2. d4 d5 3. Nd2 Nf6 4. e5 Nfd7 5. Bd3 c5 6. c3 Nc6 7. Ngf3 Qb6 8. O-O
cxd4 9. cxd4 Nxd4 10. Nxd4 Qxd4 11. Nf3 Qb6 12. a3 Nc5 13. Bc2 Bd7 14. b4 Ne4
15. Be3 Qa6 16. Nd4 Nc3 17. Qd2 Rc8 18. Bd3 b5 19. Rfc1 Ne4 20. Qb2 Rxc1+ 21.
Rxc1 f6 22. f3 fxe5 23. fxe4 exd4 24. Bxd4 e5 25. Bxe5 dxe4 26. Bxe4 Qe6 27.
Qc3 Qc4 28. Qf3 Qf7 29. Qg3 Be7 30. Rf1 Qh5 31. Bxg7 Rg8 32. Qb8+ Bd8 33. Bf6
1-0

[Event "Miedzynarodowy Turniej Szachowy w Kowale"]
[Site "UKS Orlik Kowalewo Pomorskie"]
[Date "2008.07.05"]
[Round "2.4"]
[White "Paprocki, Jaroslaw"]
[Black "Kuchnio, Przemyslaw"]
[Result "0-1"]
[WhiteElo "2218"]
[BlackElo "2091"]
[PlyCount "86"]
[EventDate "2008.??.??"]

1. e4 Nf6 2. e5 Nd5 3. d4 d6 4. Nf3 Bg4 5. Be2 e6 6. O-O Be7 7. Re1 O-O 8. c4
Nb6 9. exd6 cxd6 10. Be3 d5 11. c5 Bxf3 12. Bxf3 Nc4 13. Nd2 Nxe3 14. fxe3 Nc6
15. b4 Nxb4 16. Qb3 Qa5 17. Qc3 b6 18. Nb3 Qa3 19. Rec1 Rac8 20. e4 dxe4 21.
Bxe4 bxc5 22. dxc5 Bf6 23. Qh3 g6 24. Rab1 Nxa2 25. Rc4 a5 26. Qf3 a4 27. Qxf6
axb3 28. Bb7 Rxc5 29. Qe7 Ra5 30. Qd7 b2 31. Qd4 Rb5 32. Be4 e5 33. Qd7 Qe3+
34. Kh1 Nc3 35. Rxc3 Qxe4 36. Qd1 Ra8 37. Rd3 Ra1 38. Rd8+ Kg7 39. Rxa1 bxa1=Q
40. Qxa1 Rb1+ 41. Rd1 Rxa1 42. Rxa1 Qe2 43. h4 Qe4 0-1

[Event "Miedzynarodowy Turniej Szachowy w Kowale"]
[Site "UKS Orlik Kowalewo Pomorskie"]
[Date "2008.07.05"]
[Round "2.5"]
[White "Flazinski, Jozef"]
[Black "Jaroch, Karol"]
[Result "0-1"]
[WhiteElo "2036"]
[BlackElo "2158"]
[PlyCount "102"]
[EventDate "2008.??.??"]

1. e4 e6 2. d4 d5 3. exd5 exd5 4. c4 Nf6 5. Nc3 Nc6 6. Nf3 Bg4 7. Be2 dxc4 8.
O-O Be7 9. d5 Bxf3 10. Bxf3 Ne5 11. Bf4 Nxf3+ 12. Qxf3 O-O 13. Rfd1 Qd7 14. a4
a6 15. Be5 Rac8 16. Qf4 Bd6 17. Rd4 b5 18. Bxd6 cxd6 19. axb5 axb5 20. Ra6 Rfe8
21. h3 b4 22. Rxd6 Qe7 23. Nb5 Rb8 24. Nc7 Nh5 25. Qc1 Qxd6 26. Nxe8 Rxe8 27.
Rxc4 h6 28. Qd2 Ra8 29. g4 Nf6 30. Rxb4 Qxd5 31. Qxd5 Nxd5 32. Rb7 Ra4 33. Kg2
Rb4 34. Rd7 Nb6 35. Rd2 Na4 36. Rd8+ Kh7 37. Rd7 f6 38. Rd2 Rxb2 39. Rxb2 Nxb2
40. Kg3 Nd3 41. f4 Kg6 42. h4 Kf7 43. Kf3 f5 44. gxf5 Kf6 45. Kg4 Nb4 46. Kh5
Nd5 47. Kg4 Ne3+ 48. Kh5 Nxf5 49. Kg4 Kg6 50. h5+ Kf6 51. Kh3 Ne3 0-1

[Event "Miedzynarodowy Turniej Szachowy w Kowale"]
[Site "UKS Orlik Kowalewo Pomorskie"]
[Date "2008.07.05"]
[Round "2.6"]
[White "Zebracki, Jaroslaw"]
[Black "Walkusz, Witoslaw"]
[Result "0-1"]
[WhiteElo "1906"]
[BlackElo "2151"]
[PlyCount "44"]
[EventDate "2008.??.??"]

1. e4 e5 2. d4 exd4 3. Qxd4 Nc6 4. Qe3 Qe7 5. Nc3 Nf6 6. Bd2 Qc5 7. Qg3 d6 8.
O-O-O Ng4 9. Nh3 h5 10. f3 Ne3 11. Bxe3 Qxe3+ 12. Kb1 h4 13. Qf4 Qxf4 14. Nxf4
Bd7 15. Nfd5 Rc8 16. Nb5 Kd8 17. f4 a6 18. Nd4 Nxd4 19. Rxd4 Bc6 20. Bc4 b5 21.
Nb4 Bb7 22. Bxf7 c5 0-1

[Event "Miedzynarodowy Turniej Szachowy w Kowale"]
[Site "UKS Orlik Kowalewo Pomorskie"]
[Date "2008.07.05"]
[Round "2.7"]
[White "Nguyen, Piotr"]
[Black "Rogala, Robert"]
[Result "1/2-1/2"]
[WhiteElo "2329"]
[BlackElo "2007"]
[PlyCount "82"]
[EventDate "2008.??.??"]

1. d4 Nf6 2. Bg5 Ne4 3. Bh4 d5 4. f3 Nf6 5. Nc3 e6 6. e4 Be7 7. e5 Nfd7 8. Bxe7
Qxe7 9. f4 a6 10. Qh5 O-O 11. Bd3 g6 12. Qh3 c5 13. Nf3 cxd4 14. Ne2 Nc5 15.
O-O Nxd3 16. cxd3 Nc6 17. Kh1 f6 18. Nexd4 Nxd4 19. Nxd4 fxe5 20. fxe5 Bd7 21.
Qg4 Rxf1+ 22. Rxf1 Rf8 23. Rxf8+ Qxf8 24. Nf3 Qf7 25. h4 h6 26. Qd4 Kg7 27. Kh2
Qf8 28. Kg3 Be8 29. a4 Qe7 30. Nh2 g5 31. Nf3 gxh4+ 32. Kh3 Bg6 33. Nxh4 Qg5
34. g3 h5 35. Nxg6 Kxg6 36. a5 Qc1 37. Kg2 Qd2+ 38. Kf3 Qd1+ 39. Kf2 Qd2+ 40.
Kf3 Qd1+ 41. Kf2 Qd2+ 1/2-1/2

[Event "Miedzynarodowy Turniej Szachowy w Kowale"]
[Site "UKS Orlik Kowalewo Pomorskie"]
[Date "2008.07.05"]
[Round "2.8"]
[White "Kubicki, Marek"]
[Black "Tarkowski, Michal"]
[Result "0-1"]
[WhiteElo "2154"]
[BlackElo "2073"]
[PlyCount "68"]
[EventDate "2008.??.??"]

1. d4 d5 2. c4 dxc4 3. e4 e5 4. d5 Bd6 5. Bxc4 a6 6. Ne2 Nf6 7. Bg5 Nbd7 8. Ng3
h6 9. Be3 Nf8 10. Nd2 Ng6 11. Rc1 Ng4 12. O-O Qh4 13. Nf3 Qe7 14. h3 Nf6 15.
Nf5 Bxf5 16. exf5 Nf8 17. Re1 N8d7 18. Bd4 O-O 19. Bc3 Rfe8 20. g4 Nh7 21. a3
Ng5 22. Nxg5 Qxg5 23. Bd2 Qh4 24. Kg2 Nf6 25. Be3 h5 26. Be2 e4 27. Rh1 Re5 28.
Qb3 Nxd5 29. Bd4 e3 30. Rcf1 Rxf5 31. gxf5 Qg5+ 32. Bg4 hxg4 33. Qxd5 gxh3+ 34.
Kf3 Qg2+ 0-1

[Event "Miedzynarodowy Turniej Szachowy w Kowale"]
[Site "UKS Orlik Kowalewo Pomorskie"]
[Date "2008.07.05"]
[Round "2.9"]
[White "Plichta, Kamil"]
[Black "Jaroch, Pawel"]
[Result "0-1"]
[WhiteElo "2014"]
[BlackElo "2255"]
[PlyCount "106"]
[EventDate "2008.??.??"]

1. d4 d6 2. Nf3 Nf6 3. c4 g6 4. Nc3 Bg7 5. e4 O-O 6. Be2 c5 7. d5 e6 8. O-O
exd5 9. exd5 Re8 10. h3 Bf5 11. Bf4 Ne4 12. Nxe4 Bxe4 13. Bc1 Na6 14. Bd3 Qb6
15. Rb1 Nb4 16. Bxe4 Rxe4 17. a3 Na6 18. Qd3 Rae8 19. Be3 Bd4 20. Bxd4 cxd4 21.
b4 Nc7 22. Rfd1 Qa6 23. Nxd4 Nxd5 24. b5 Qa4 25. cxd5 Rxd4 26. Qxd4 Re1+ 27.
Kh2 Qxd4 28. Rxd4 Rxb1 29. a4 Rc1 30. g4 h6 31. Kg3 Rc3+ 32. f3 Kf8 33. h4 g5
34. hxg5 hxg5 35. Kf2 Ke7 36. Ke2 Kf6 37. Re4 Ra3 38. Rc4 Ke5 39. Rc7 f6 40.
Rxb7 Rxa4 41. Rf7 Rb4 42. Rxa7 Rxb5 43. Ra4 Kxd5 44. Re4 Kc6 45. Kd3 Rd5+ 46.
Kc4 Re5 47. Rd4 Re3 48. f4 Rf3 49. f5 Rf4 50. Rxf4 gxf4 51. Kd4 d5 52. Kd3 Kd6
53. Ke2 d4 0-1

[Event "Miedzynarodowy Turniej Szachowy w Kowale"]
[Site "UKS Orlik Kowalewo Pomorskie"]
[Date "2008.07.05"]
[Round "2.10"]
[White "Wisniewski, Adam"]
[Black "Sankiewicz, Grzegorz"]
[Result "1-0"]
[WhiteElo "2090"]
[BlackElo "2002"]
[PlyCount "65"]
[EventDate "2008.??.??"]

1. e4 c5 2. c3 d5 3. exd5 Qxd5 4. d4 Nc6 5. Nf3 Bg4 6. Be2 cxd4 7. cxd4 e6 8.
O-O Nf6 9. Nc3 Qd8 10. Qb3 Qb6 11. Qxb6 axb6 12. Nb5 Nd5 13. Bc4 Bxf3 14. Bxd5
Ra5 15. Nc7+ Kd7 16. Bxf3 Kxc7 17. Be3 Bd6 18. a3 Rha8 19. Rac1 Kd7 20. Rfd1
Nd8 21. d5 Rb5 22. dxe6+ fxe6 23. Bd4 e5 24. Be2 Rd5 25. Bxb6 Rxd1+ 26. Rxd1
Ke7 27. Bf3 Nc6 28. Rd3 Ra4 29. g3 Ra6 30. Rb3 Ra4 31. Be3 Na5 32. Rb5 e4 33.
Bd1 1-0

[Event "Miedzynarodowy Turniej Szachowy w Kowale"]
[Site "UKS Orlik Kowalewo Pomorskie"]
[Date "2008.07.05"]
[Round "2.11"]
[White "Zurkowski, Andrzej"]
[Black "Sosnowski, Daniel"]
[Result "1-0"]
[WhiteElo "2062"]
[BlackElo "1959"]
[PlyCount "143"]
[EventDate "2008.??.??"]

1. d4 Nf6 2. c4 e6 3. Nc3 d5 4. Bg5 Nbd7 5. e3 c6 6. Nf3 Bb4 7. Nd2 O-O 8. cxd5
exd5 9. Bd3 h6 10. Bh4 Re8 11. O-O Nf8 12. Re1 Be7 13. Rc1 Ng6 14. Bg3 Bd6 15.
Bxd6 Qxd6 16. f3 Bd7 17. Nb3 Rad8 18. e4 dxe4 19. Bxe4 Be6 20. Bxg6 fxg6 21.
Ne2 Qb4 22. Nc5 Bc4 23. Nf4 Rxe1+ 24. Qxe1 Qxe1+ 25. Rxe1 Rxd4 26. Nxg6 b6 27.
Ne7+ Kf8 28. Ng6+ Kg8 29. Ne7+ Kh7 30. Ne4 Nxe4 31. fxe4 c5 32. b3 Bd3 33. e5
Rd7 34. Nc8 Bg6 35. e6 Rc7 36. Nd6 Rc6 37. Rd1 Rc7 38. Kf2 Re7 39. Re1 Be8 40.
Nf5 Rb7 41. e7 Rd7 42. Re6 Rc7 43. Ke3 Kg8 44. Nd6 Rc6 45. Ke4 Rxd6 46. Rxd6
Kf7 47. Ke5 Kxe7 48. Rd3 Bf7 49. Rg3 g6 50. Rf3 a5 51. Rf6 b5 52. Ra6 c4 53.
bxc4 Bxc4 54. Rxa5 Kd7 55. a3 Kc7 56. Ra6 Bd3 57. Kd4 Bf5 58. Kc5 h5 59. Ra7+
Kb8 60. Kb6 Kc8 61. Kxb5 g5 62. Rg7 g4 63. Rg5 Bd7+ 64. Kb4 h4 65. a4 Be6 66.
a5 Kb7 67. a6+ Ka7 68. Rg7+ Kb8 69. Kb5 h3 70. gxh3 gxh3 71. Kb6 Bc8 72. Rg8
1-0

[Event "Miedzynarodowy Turniej Szachowy w Kowale"]
[Site "UKS Orlik Kowalewo Pomorskie"]
[Date "2008.07.05"]
[Round "2.12"]
[White "Kobus, Maciej"]
[Black "Marchlewicz, Kamil"]
[Result "1/2-1/2"]
[WhiteElo "2004"]
[BlackElo "2045"]
[PlyCount "101"]
[EventDate "2008.??.??"]

1. b3 e5 2. Bb2 d6 3. e3 Nf6 4. c4 Be7 5. d3 c6 6. Nf3 Bg4 7. Be2 O-O 8. O-O
Nbd7 9. Nbd2 Rc8 10. b4 Qc7 11. Rc1 b6 12. e4 c5 13. b5 a5 14. Nb1 Rfe8 15. Nc3
Nf8 16. Nd2 Bxe2 17. Qxe2 Ne6 18. Nd5 Nxd5 19. cxd5 Nf4 20. Qf3 Qd7 21. a4 Bd8
22. Nc4 g6 23. Rce1 Qe7 24. Bc1 Nh5 25. Qg4 Bc7 26. f4 exf4 27. Bxf4 f6 28. Re3
Nxf4 29. Rxf4 Qg7 30. Qe2 Re7 31. Qf2 Rf8 32. g4 Rd7 33. Kg2 Bd8 34. h4 Rff7
35. Rff3 Qf8 36. Rh3 Rg7 37. Kf1 Rdf7 38. Ref3 Rd7 39. Ne3 Qe7 40. Qh2 Qe5 41.
Qxe5 dxe5 42. h5 g5 43. Nf5 Rgf7 44. Nh6+ Kg7 45. Nxf7 Kxf7 46. Rh2 Be7 47. Rc2
Kg7 48. Rc4 Rd8 49. Rf2 Rf8 50. Ke2 Rd8 51. Rf5 1/2-1/2

[Event "Miedzynarodowy Turniej Szachowy w Kowale"]
[Site "UKS Orlik Kowalewo Pomorskie"]
[Date "2008.07.05"]
[Round "2.13"]
[White "Klugiewicz, Jozef"]
[Black "Staroszczyk, Mateusz"]
[Result "1/2-1/2"]
[WhiteElo "1999"]
[BlackElo "2027"]
[PlyCount "133"]
[EventDate "2008.??.??"]

1. Nf3 c5 2. c4 Nc6 3. b3 Nf6 4. Bb2 d5 5. e3 Bg4 6. Be2 e6 7. O-O Bd6 8. Nc3
dxc4 9. bxc4 O-O 10. h3 Bxf3 11. Bxf3 Ne5 12. Be2 Rc8 13. Rc1 Bb8 14. Qc2 a6
15. f4 Ng6 16. g3 Qc7 17. e4 Rfd8 18. e5 Nxe5 19. fxe5 Qxe5 20. Rf3 Qd4+ 21.
Kg2 Qxd2 22. Qxd2 Rxd2 23. Ba1 Ne4 24. Rd1 Rcd8 25. Rxd2 Rxd2 26. Rd3 Rxd3 27.
Bxd3 Nxg3 28. Ne4 Nh5 29. Kf3 b6 30. a4 a5 31. Bc3 Nf4 32. Bf1 f5 33. Ng3 Kf7
34. Bd2 Ng6 35. Bg5 Bc7 36. Be2 h6 37. Bd2 Ne5+ 38. Kg2 g5 39. Bc3 Nd7 40. Bh5+
Ke7 41. Bg7 Nf6 42. Bg6 Bxg3 43. Kxg3 Ne4+ 44. Kg2 Nd2 45. Bxh6 Kf6 46. Be8
Nxc4 47. Bf8 e5 48. Bb5 Na3 49. Be8 Nb1 50. Bd6 c4 51. Bb5 c3 52. Bd3 Nd2 53.
Bc7 Nc4 54. Kf2 e4 55. Bc2 Na3 56. Bxb6 Nxc2 57. Bxa5 e3+ 58. Kf1 f4 59. Bxc3+
Kf5 60. a5 Na3 61. a6 Nb5 62. Bb4 f3 63. Bc5 Kf4 64. a7 Nxa7 65. Bxa7 Kg3 66.
Bxe3 Kxh3 67. Bxg5 1/2-1/2

[Event "Miedzynarodowy Turniej Szachowy w Kowale"]
[Site "UKS Orlik Kowalewo Pomorskie"]
[Date "2008.07.06"]
[Round "3.1"]
[White "Budrewicz, Krzysztof"]
[Black "Jaroch, Karol"]
[Result "1/2-1/2"]
[WhiteElo "2333"]
[BlackElo "2158"]
[PlyCount "118"]
[EventDate "2008.??.??"]

1. d4 e6 2. g3 f5 3. Bg2 Nf6 4. c4 Be7 5. d5 e5 6. Nc3 O-O 7. Nf3 d6 8. O-O a5
9. a3 Nbd7 10. Rb1 e4 11. Nd4 Ne5 12. b3 c6 13. f4 Qb6 14. Na4 Qa7 15. Kh1 Nd3
16. Be3 Ng4 17. Bg1 Bf6 18. Nxf5 Ndf2+ 19. Rxf2 Nxf2+ 20. Bxf2 Qxf2 21. Nxd6 b5
22. Nxe4 Qe3 23. Nac5 Bd4 24. Ne6 Bxe6 25. dxe6 Rae8 26. f5 Rxf5 27. Nd6 Rh5
28. Bf3 Rxe6 29. Bxh5 Rxd6 30. Qc1 Qxc1+ 31. Rxc1 Bb2 32. Rc2 Bxa3 33. cxb5
Rd1+ 34. Kg2 cxb5 35. Rc8+ Bf8 36. Ra8 g6 37. Bf3 Ra1 38. Bc6 a4 39. g4 Kf7 40.
Bxb5 a3 41. Bc4+ Ke7 42. g5 h6 43. h4 hxg5 44. hxg5 a2 45. b4 Rb1 46. Bxa2 Rxb4
47. Kg3 Rb5 48. Ra7+ Kd8 49. e4 Rxg5+ 50. Kf4 Rc5 51. Bd5 Bd6+ 52. Kg5 Rc7 53.
Ra8+ Ke7 54. Kxg6 Rc1 55. Ra7+ Rc7 56. Ra6 Rc1 57. e5 Bxe5 58. Re6+ Kd7 59.
Rxe5 Kd6 1/2-1/2

[Event "Miedzynarodowy Turniej Szachowy w Kowale"]
[Site "UKS Orlik Kowalewo Pomorskie"]
[Date "2008.07.06"]
[Round "3.2"]
[White "Walkusz, Witoslaw"]
[Black "Maciejewski, Miroslaw"]
[Result "1/2-1/2"]
[WhiteElo "2151"]
[BlackElo "2295"]
[PlyCount "34"]
[EventDate "2008.??.??"]

1. e4 c5 2. Nf3 e6 3. b3 Nc6 4. Bb5 Nf6 5. e5 Nd5 6. Bb2 Be7 7. O-O O-O 8. Bxc6
bxc6 9. d3 f6 10. Nbd2 fxe5 11. Nxe5 Qc7 12. Ng4 Qf4 13. g3 Qf5 14. Ne3 Qg6 15.
Ng2 d6 16. f4 Bd7 17. Qe2 Rf7 1/2-1/2

[Event "Miedzynarodowy Turniej Szachowy w Kowale"]
[Site "UKS Orlik Kowalewo Pomorskie"]
[Date "2008.07.06"]
[Round "3.3"]
[White "Kuchnio, Przemyslaw"]
[Black "Khamitskiy, Sergei"]
[Result "1/2-1/2"]
[WhiteElo "2091"]
[BlackElo "2324"]
[PlyCount "91"]
[EventDate "2008.??.??"]

1. c4 c5 2. Nc3 Nf6 3. g3 d5 4. cxd5 Nxd5 5. Bg2 Nc7 6. Nf3 Nc6 7. Qa4 Bd7 8.
Qe4 g6 9. d3 Bg7 10. Be3 b6 11. d4 cxd4 12. Nxd4 Ne5 13. Bf4 f5 14. Qc2 Rc8 15.
Bxe5 Bxe5 16. Nc6 Bxc6 17. Bxc6+ Kf7 18. Rd1 Bd6 19. Bb7 Rb8 20. Bc6 Rc8 21. e4
fxe4 22. Qxe4 Qf8 23. Rd3 Ne8 24. Bxe8+ Qxe8 25. Rf3+ Kg7 26. Qd4+ Kg8 27. O-O
Qc6 28. Ne4 Qc4 29. Nf6+ exf6 30. Qxd6 Rc6 31. Qb8+ Kg7 32. Qxa7+ Qf7 33. Qa4
Rhc8 34. Rd3 R8c7 35. Rb3 Qd5 36. Rb5 Qf3 37. Qb3 Qe2 38. Rd5 Rc1 39. Rdd1 Rxd1
40. Rxd1 Rc2 41. Rf1 Rxb2 42. Qc3 Rc2 43. Qd4 Qe6 44. Rb1 b5 45. Rxb5 Qc6 46.
Qd5 1/2-1/2